000 00442nam a2200181Ia 4500
008 090124s9999 xx 000 0 und d
082 _b31569
_a2977
100 _aलिमये उषा
245 _a पालखी
250 _a1
260 _c2001
300 _a80
600 _aलिमये उषा
630 _a पालखी
700 _aलिमये उषा
730 _a पालखी
942 _cBOOK
999 _c145048
_d145048